LOTR/Hobbit quiz - Statistics

General Stats
  • This quiz has been taken 212 times
  • The average score is 11 of 16
Answer Stats
Hint Answer % Correct
how many rings were given to the dwarves 7
98%
how many nazgul are there 9
96%
what is fili's brother called kili
95%
how many members of thorins company where there 13
92%
what is aragorn's ranger name strider
92%
what is the name given to bilbo's sword sting
89%
who killed smaug bard
76%
what is the name of legolas' father thranduil
74%
who was the steward of gondor denethor
73%
out of the four dwarves thorin took to find azog who survived dwalin
63%
what is the nazgul's knife called morgul
51%
who killed boromir lurtz
43%
what was aragorns sward called anduril
42%
what is the name given to thorins sword orcrist
36%
where did frodo go at the end of return of the king the undying lands
35%
what was sharkeys real name saruman
34%
No matching quizzes found
Score Distribution
Percent of People with Each Score
Percentile by Number Answered
Your Score History
You have not taken this quiz